[Event "Wiesbaden op 31st"]
[Site "Wiesbaden"]
[Date "2019.08.23"]
[Round "3"]
[White "Krischak, Werner"]
[Black "Pfeffer, Marko"]
[Result "0-1"]
[WhiteElo "1738"]
[BlackElo "2025"]
[PlyCount "100"]
[EventDate "2019.08.22"]
[EventType "swiss"]
[EventRounds "7"]
[EventCountry "GER"]
[SourceTitle "EXT 2020"]
[Source "ChessBase"]
[SourceDate "2019.10.17"]
[SourceVersion "1"]
[SourceVersionDate "2019.10.17"]
[SourceQuality "1"]

1. d4 Nf6 2. Nf3 e6 3. c4 d5 4. Nc3 Bb4 5. Qc2 dxc4 6. e4 c5 7. dxc5 Qa5 8. Nd2 Nc6 9. Nxc4 Qxc5 10. Be3 Qe7 11. Be2 0-0 12. 0-0 Bxc3 13. bxc3 e5 14. Bg5 h6 15. Bh4 Be6 16. Ne3 Rac8 17. Qb2 g5 18. Nd5 Nxd5 19. exd5 Bxd5 20. Bg3 Rfe8 21. Bd3 Rcd8 22. Rad1 e4 23. Bb5 Qc5 24. c4 Bxc4 25. Bxc4 Qxc4 26. Qxb7 Nd4 27. Qb2 Qc2 28. Qa1 Ne2+ 29. Kh1 Rxd1 30. Rxd1 Nxg3+ 31. fxg3 e3 32. Re1 Qf2 33. Rf1 Qc2 34. Qf6 Qc4 35. Re1 Re6 36. Qb2 a5 37. Qb3 Qd4 38. Qd1 Qd2 39. Qe2 a4 40. h3 a3 41. Kh2 Kg7 42. Qxd2 exd2 43. Rd1 Rb6 44. Rxd2 Rb2 45. Rd6 Rxa2 46. Ra6 h5 47. g4 h4 48. Kg1 Ra1+ 49. Kf2 a2 50. Ke2 Rg1 0-1

[Event "Heusenstamm Sparkassen op-A 5th"]
[Site "Heusenstamm"]
[Date "2018.11.25"]
[Round "6"]
[White "Koellner, Ruben Gideon"]
[Black "Pfeffer, Marko"]
[Result "1-0"]
[WhiteElo "2238"]
[BlackElo "2016"]
[PlyCount "27"]
[EventDate "2018.11.22"]
[EventType "swiss"]
[EventRounds "7"]
[EventCountry "GER"]
[SourceTitle "CBM 188 Extra"]
[Source "ChessBase"]
[SourceDate "2019.02.26"]
[SourceVersion "1"]
[SourceVersionDate "2019.02.26"]
[SourceQuality "1"]

1. d4 e6 2. Nf3 f5 3. Bg5 Be7 4. h4 b6 5. d5 Nf6 6. Nc3 Na6 7. e3 Nc5 8. Ne5 0-0 9. Bc4 Kh8 10. h5 Qe8 11. Ng6+ hxg6 12. hxg6+ Kg8 13. Bxf6 Rxf6 14. Rh8+ 1-0

[Event "Heusenstamm Sparkassen op-A 5th"]
[Site "Heusenstamm"]
[Date "2018.11.25"]
[Round "7"]
[White "Pfeffer, Marko"]
[Black "Pohle, Saskia"]
[Result "1-0"]
[WhiteElo "2016"]
[BlackElo "1656"]
[PlyCount "57"]
[EventDate "2018.11.22"]
[EventType "swiss"]
[EventRounds "7"]
[EventCountry "GER"]
[SourceTitle "CBM 188 Extra"]
[Source "ChessBase"]
[SourceDate "2019.02.26"]
[SourceVersion "1"]
[SourceVersionDate "2019.02.26"]
[SourceQuality "1"]

1. Nc3 d5 2. e4 dxe4 3. Nxe4 g6 4. Nf3 Bg7 5. Bc4 Nf6 6. Ng3 0-0 7. 0-0 c5 8. d4 cxd4 9. Qxd4 Nc6 10. Qh4 Bg4 11. Be2 h6 12. Bxh6 Qb6 13. b3 Bxf3 14. Bxf3 Nd4 15. Bd1 Qb4 16. c4 Qc3 17. Rb1 Qd3 18. Ra1 Qc3 19. Bxg7 Kxg7 20. Bg4 Nxg4 21. Qxg4 f5 22. Qh4 Nc6 23. Rae1 Qd2 24. Re2 Qd3 25. Re3 Qc2 26. Re2 Qd3 27. Re6 f4 28. Ne4 Rad8 29. Qg5 1-0

[Event "Frankfurt-chA"]
[Site "Frankfurt"]
[Date "2018.06.18"]
[Round "7"]
[White "Pfeffer, Marko"]
[Black "Stuhlmann, Florian"]
[Result "1/2-1/2"]
[WhiteElo "1967"]
[BlackElo "1699"]
[PlyCount "127"]
[EventDate "2018.04.30"]
[EventType "swiss"]
[EventRounds "7"]
[EventCountry "GER"]
[SourceTitle "EXT 2019"]
[Source "ChessBase"]
[SourceDate "2018.10.10"]
[SourceVersion "1"]
[SourceVersionDate "2018.10.10"]
[SourceQuality "1"]

1. d4 d5 2. Bf4 Nf6 3. e3 c5 4. c3 Nc6 5. Nd2 Bf5 6. Qb3 Qb6 7. dxc5 Qxb3 8. Nxb3 e5 9. Bg3 a5 10. a4 Bc2 11. Nd2 Bxc5 12. Bb5 Nd7 13. Ngf3 f6 14. 0-0 0-0 15. Rac1 Bf5 16. Rfd1 Nb6 17. Nh4 Bg4 18. Re1 Rfd8 19. Nb3 Bd6 20. h3 Be6 21. Nd2 Na7 22. e4 Nxb5 23. axb5 dxe4 24. Nxe4 Bc4 25. Nxd6 Rxd6 26. f4 exf4 27. Bxf4 Rd5 28. Bc7 Rxb5 29. Bxb6 Rxb6 30. Re7 g6 31. Rd1 Be6 32. Re1 Raa6 33. Nf3 Bd5 34. Rd7 Be6 35. Rc7 Ra8 36. Nd4 Re8 37. Nxe6 Rexe6 38. Rxe6 Rxe6 39. Rxb7 Re1+ 40. Kf2 Rb1 41. Ke3 a4 42. Rb4 Kf7 43. Kd3 Ke6 44. Kc2 Ra1 45. Rd4 h5 46. c4 a3 47. bxa3 Rxa3 48. Kb2 Rg3 49. Rd2 Rg5 50. Kc3 Rc5 51. Kb4 Rc7 52. Kb5 Rd7 53. Re2+ Kd6 54. c5+ Kc7 55. Re6 Rf7 56. Ra6 Kb8 57. Kc6 f5 58. Kd5 g5 59. Rh6 g4 60. Rxh5 gxh3 61. Rxh3 f4 62. Rf3 Kc7 63. Ra3 Rf5+ 64. Kd4 1/2-1/2

[Event "Frankfurt-chA"]
[Site "Frankfurt"]
[Date "2018.06.04"]
[Round "5"]
[White "Pfeffer, Marko"]
[Black "Sandten, Ulrich"]
[Result "0-1"]
[WhiteElo "1967"]
[BlackElo "2074"]
[PlyCount "78"]
[EventDate "2018.04.30"]
[EventType "swiss"]
[EventRounds "7"]
[EventCountry "GER"]
[SourceTitle "EXT 2019"]
[Source "ChessBase"]
[SourceDate "2018.10.10"]
[SourceVersion "1"]
[SourceVersionDate "2018.10.10"]
[SourceQuality "1"]

1. e4 e6 2. d4 d5 3. exd5 exd5 4. Be3 Bd6 5. Nc3 c6 6. Bd3 Ne7 7. Qh5 Nd7 8. Bg5 Qb6 9. Nge2 Nf8 10. 0-0-0 Ne6 11. Be3 Bd7 12. g4 Ng6 13. Rhe1 0-0-0 14. Bf5 Qc7 15. Bxe6 fxe6 16. h3 Rdf8 17. g5 e5 18. dxe5 Nxe5 19. Nd4 Nc4 20. h4 Ne5 21. Rg1 Bb4 22. Nde2 g6 23. Qh6 Rf7 24. Bd4 Bf8 25. f4 Nf3 26. Bxh8 Nxg1 27. Rxg1 Bxh6 28. Be5 Qd8 29. gxh6 Qxh4 30. Bg7 Bg4 31. Kd2 Re7 32. Re1 Bxe2 33. Nxe2 Re4 34. Rf1 Qh2 35. Re1 Kd7 36. c3 c5 37. Kd1 Qf2 38. b4 Qe3 39. Kc2 c4 0-1

[Event "Frankfurt-chA"]
[Site "Frankfurt"]
[Date "2018.05.28"]
[Round "4"]
[White "Hinz, Andre"]
[Black "Pfeffer, Marko"]
[Result "0-1"]
[WhiteElo "1746"]
[BlackElo "1967"]
[PlyCount "74"]
[EventDate "2018.04.30"]
[EventType "swiss"]
[EventRounds "7"]
[EventCountry "GER"]
[SourceTitle "EXT 2019"]
[Source "ChessBase"]
[SourceDate "2018.10.10"]
[SourceVersion "1"]
[SourceVersionDate "2018.10.10"]
[SourceQuality "1"]

1. c4 f5 2. g3 Nf6 3. Bg2 d6 4. Nc3 e5 5. d4 Nc6 6. Bxc6+ bxc6 7. dxe5 dxe5 8. Qxd8+ Kxd8 9. Nf3 Nd7 10. Bg5+ Ke8 11. 0-0-0 h6 12. Bd2 Bc5 13. e4 Rf8 14. Nh4 fxe4 15. Nxe4 Bxf2 16. Bc3 Be3+ 17. Kb1 c5 18. Rhe1 Bd4 19. Ba5 Nb6 20. Bxb6 axb6 21. Rf1 Bg4 22. Rxf8+ Kxf8 23. Rf1+ Kg8 24. Nf3 Rf8 25. Nfd2 Rxf1+ 26. Nxf1 Bf5 27. Nfd2 Be3 28. Ka1 Kf7 29. a3 Ke6 30. Ka2 Bxe4 31. Nxe4 Kf5 32. Nc3 c6 33. h3 Bf2 34. g4+ Kf4 35. Kb3 Kf3 36. Kc2 Bd4 37. Nd1 Kg3 0-1

[Event "Frankfurt-chA"]
[Site "Frankfurt"]
[Date "2018.04.30"]
[Round "1"]
[White "Pfeffer, Marko"]
[Black "Stricker, Konstantin"]
[Result "1-0"]
[WhiteElo "1967"]
[BlackElo "1645"]
[PlyCount "71"]
[EventDate "2018.04.30"]
[EventType "swiss"]
[EventRounds "7"]
[EventCountry "GER"]
[SourceTitle "EXT 2019"]
[Source "ChessBase"]
[SourceDate "2018.10.10"]
[SourceVersion "1"]
[SourceVersionDate "2018.10.10"]
[SourceQuality "1"]

1. e4 c5 2. a3 Nc6 3. b4 cxb4 4. d4 e6 5. axb4 Bxb4+ 6. c3 Be7 7. Qg4 g6 8. e5 d6 9. Nf3 dxe5 10. dxe5 Bf8 11. Bc4 Bg7 12. Bf4 Nh6 13. Qh3 Nf5 14. g4 Nfe7 15. 0-0 Qc7 16. Re1 a6 17. Nbd2 h5 18. Ne4 hxg4 19. Qxg4 Nf5 20. Nf6+ Kf8 21. Ng5 Rh4 22. Ngh7+ Ke7 23. Qg5 Bh6 24. Nd5+ Kd7 25. Nhf6+ Kd8 26. Ng8+ Nce7 27. Nxh6 exd5 28. Nxf5 Rh5 29. Qxe7+ Qxe7 30. Nxe7 dxc4 31. Nd5 Be6 32. Nf6 Rh4 33. Bg3 Rh3 34. Red1+ Ke7 35. Rdb1 b5 36. Rxb5 1-0

[Event "Heusenstamm Sparkassen op-A 3rd"]
[Site "Heusenstamm"]
[Date "2016.11.27"]
[Round "5"]
[White "Klundt, Klaus"]
[Black "Pfeffer, Marko"]
[Result "1-0"]
[WhiteElo "2300"]
[BlackElo "2071"]
[PlyCount "127"]
[EventDate "2016.11.24"]
[EventType "swiss"]
[EventRounds "7"]
[EventCountry "GER"]
[SourceTitle "EXT 2018"]
[Source "ChessBase"]
[SourceDate "2017.10.13"]
[SourceVersion "1"]
[SourceVersionDate "2017.10.13"]
[SourceQuality "1"]

1. e4 e6 2. d4 d5 3. Nd2 Nc6 4. Ngf3 Nf6 5. e5 Nd7 6. Be2 f6 7. exf6 Qxf6 8. Nf1 Be7 9. Ne3 0-0 10. 0-0 Qf7 11. c4 Nd8 12. b3 c6 13. Bb2 g6 14. Ng4 Qg7 15. Bd3 Nf7 16. Qe2 Nf6 17. Nge5 Nh5 18. g3 Bd6 19. Nxf7 Qxf7 20. Ng5 Qe7 21. f4 Bd7 22. Rae1 Rae8 23. Nf3 Ng7 24. Ne5 Bxe5 25. Qxe5 Rf7 26. Re2 a6 27. Kg2 Qf6 28. Qxf6 Rxf6 29. Rd1 Nf5 30. Bc2 Rf7 31. Re5 h5 32. h3 Rh7 33. Rh1 Kf7 34. Kf2 Rc8 35. c5 Rb8 36. Bd3 Ra8 37. Ree1 Rah8 38. Bc3 Rf8 39. g4 Ne7 40. Kg2 Rfh8 41. Be2 hxg4 42. hxg4 Rxh1 43. Rxh1 Rxh1 44. Kxh1 Kf6 45. Ba5 g5 46. fxg5+ Kxg5 47. Bd8 Kf6 48. Kg2 Kf7 49. Bxe7 Kxe7 50. Kg3 Be8 51. Bd3 Kf6 52. Kf4 Bg6 53. g5+ Kg7 54. Be2 Bb1 55. a3 Kg6 56. b4 Bc2 57. Bg4 Bf5 58. Bxf5+ exf5 59. a4 Kf7 60. Kxf5 Kg7 61. g6 Kg8 62. Kf6 Kf8 63. g7+ Kg8 64. Kg6 1-0

[Event "Heusenstamm Sparkassen op-A 3rd"]
[Site "Heusenstamm"]
[Date "2016.11.27"]
[Round "4"]
[White "Pfeffer, Marko"]
[Black "Papadopoulos, Ioannis1111"]
[Result "1-0"]
[WhiteElo "2071"]
[BlackElo "1755"]
[PlyCount "137"]
[EventDate "2016.11.24"]
[EventType "swiss"]
[EventRounds "7"]
[EventCountry "GER"]
[SourceTitle "EXT 2018"]
[Source "ChessBase"]
[SourceDate "2017.10.13"]
[SourceVersion "1"]
[SourceVersionDate "2017.10.13"]
[SourceQuality "1"]

1. e4 c5 2. b3 e6 3. Bb2 b6 4. g3 Bb7 5. Bg2 Nc6 6. Ne2 a6 7. 0-0 d6 8. c4 Nf6 9. d4 cxd4 10. Nxd4 Nxd4 11. Qxd4 Be7 12. Nc3 0-0 13. Rad1 Qc7 14. Rfe1 Rfd8 15. Rc1 Rac8 16. Na4 Bc6 17. Qxb6 Bxa4 18. Qxc7 Rxc7 19. bxa4 Rdc8 20. Bf1 Nd7 21. Bd4 Nc5 22. a5 Bd8 23. Rb1 Rb7 24. Rxb7 Nxb7 25. Bb6 Rb8 26. Rd1 Be7 27. f4 h6 28. Kf2 Nc5 29. Ke3 Rb7 30. Bg2 e5 31. Bh3 Na4 32. Bc8 Rb8 33. Bxa6 Nxb6 34. axb6 Rxb6 35. Bb5 exf4+ 36. gxf4 Bf6 37. Rd3 Be7 38. a4 Rb7 39. Kd4 Bd8 40. Kd5 Bc7 41. Kc6 Ra7 42. Rxd6 Bxd6 43. Kxd6 Ra8 44. c5 Kf8 45. Bd7 Ra6+ 46. c6 g6 47. e5 h5 48. h4 Rxa4 49. c7 Rd4+ 50. Kc5 Rxd7 51. c8Q+ Ke7 52. Qh8 Rc7+ 53. Kb6 Rd7 54. Qf6+ Kf8 55. f5 gxf5 56. Qxf5 Re7 57. Qxh5 Re6+ 58. Kc7 Re7+ 59. Kd6 Re6+ 60. Kd5 Kg7 61. Qf5 Ra6 62. h5 Rb6 63. Qg5+ Kh7 64. Qe7 Kg7 65. Qd6 Rb5+ 66. Kc4 Rb1 67. Qf6+ Kg8 68. Qg5+ Kh8 69. h6 1-0

[Event "Frankfurt-chA"]
[Site "Frankfurt"]
[Date "2016.05.23"]
[Round "4"]
[White "Pfeffer, Marko"]
[Black "Benikhis, Avram"]
[Result "1/2-1/2"]
[WhiteElo "1972"]
[BlackElo "1782"]
[PlyCount "80"]
[EventDate "2016.04.25"]
[EventType "swiss"]
[EventRounds "9"]
[EventCountry "GER"]
[SourceTitle "EXT 2018"]
[Source "ChessBase"]
[SourceDate "2017.10.13"]
[SourceVersion "1"]
[SourceVersionDate "2017.10.13"]
[SourceQuality "1"]

1. e4 c5 2. b3 Nc6 3. Bb2 e5 4. Bb5 d6 5. Bxc6+ bxc6 6. Ne2 Nf6 7. d3 Bg4 8. f3 Be6 9. Nd2 Nh5 10. 0-0 Qg5 11. Nc4 Qh6 12. Bc1 g5 13. Qe1 f6 14. Ng3 Nf4 15. Ne3 Qg7 16. Nef5 Qd7 17. Ne3 d5 18. Bb2 h5 19. Ne2 h4 20. Rd1 Ng6 21. c3 d4 22. Nc4 Nf4 23. Nxf4 gxf4 24. Kf2 Rg8 25. Rg1 Qh7 26. Ke2 Bxc4 27. bxc4 Kd7 28. cxd4 cxd4 29. Qa5 Qe7 30. Rb1 Qb4 31. Qxb4 Bxb4 32. Bxd4 exd4 33. Rxb4 Rab8 34. Rb3 a5 35. Kf2 a4 36. Rxb8 Rxb8 37. Re1 Rb2+ 38. Re2 a3 39. Ke1 Rb1+ 40. Kf2 Rb2 1/2-1/2

[Event "Heusenstamm Sparkassen op-A 2nd"]
[Site "Heusenstamm"]
[Date "2015.11.29"]
[Round "6"]
[White "Westphal, Norbert"]
[Black "Pfeffer, Marko"]
[Result "1-0"]
[WhiteElo "1987"]
[BlackElo "2091"]
[PlyCount "119"]
[EventDate "2015.11.26"]
[EventType "swiss"]
[EventRounds "7"]
[EventCountry "GER"]
[SourceTitle "EXT 2018"]
[Source "ChessBase"]
[SourceDate "2017.10.13"]
[SourceVersion "1"]
[SourceVersionDate "2017.10.13"]
[SourceQuality "1"]

1. Nf3 Nf6 2. d4 e6 3. e3 c5 4. Bd3 b6 5. Nbd2 cxd4 6. exd4 Be7 7. 0-0 0-0 8. b3 Ba6 9. c4 d6 10. Bb2 Nbd7 11. Qe2 Re8 12. Rfe1 Rc8 13. Ng5 Nf8 14. Nge4 Bb7 15. Nxf6+ Bxf6 16. Ne4 Be7 17. a4 Ng6 18. g3 d5 19. Nd2 Bb4 20. Rec1 dxc4 21. bxc4 Qd6 22. Rf1 f5 23. f4 Bxd2 24. Qxd2 Qc6 25. Kf2 Rcd8 26. Ke1 Ne7 27. Kd1 Rd7 28. Kc2 Nd5 29. Kb3 Nc7 30. Rfe1 a5 31. Re5 Red8 32. Qe3 Rd6 33. Rd1 Qd7 34. d5 Bxd5 35. cxd5 Nxd5 36. Rxd5 Rxd5 37. Bc4 Qc6 38. Bxd5 Rxd5 39. Rxd5 Qxd5+ 40. Kc2 Qc6+ 41. Kb1 Qh1+ 42. Ka2 Qd5+ 43. Qb3 Qc6 44. Qd1 Kf7 45. Qd4 Ke8 46. Kb3 b5 47. axb5 Qxb5+ 48. Ka3 Qe2 49. Qe5 Qc4 50. Qc3 Qe2 51. Qxg7 h5 52. Qe5 Qd3+ 53. Bc3 Qc4 54. Qxa5 Kf7 55. Qa7+ Kf8 56. Qa8+ Kf7 57. Qb7+ Ke8 58. Qb4 Qd3 59. Qd4 Qc2 60. Qa4+ 1-0

[Event "Wiesbaden op 27th"]
[Site "Wiesbaden"]
[Date "2015.08.30"]
[Round "7"]
[White "Cichy, Michael"]
[Black "Pfeffer, Marko"]
[Result "1/2-1/2"]
[WhiteElo "1948"]
[BlackElo "2124"]
[PlyCount "218"]
[EventDate "2015.08.27"]
[EventType "swiss"]
[EventRounds "7"]
[EventCountry "GER"]
[SourceTitle "EXT 2016"]
[Source "ChessBase"]
[SourceDate "2015.10.08"]
[SourceVersion "1"]
[SourceVersionDate "2015.10.08"]
[SourceQuality "1"]

1. d4 Nf6 2. Nf3 c6 3. c4 d5 4. Qc2 a6 5. e3 g6 6. b3 Bf5 7. Bd3 Bxd3 8. Qxd3 Bg7 9. Bb2 0-0 10. 0-0 Nbd7 11. cxd5 Nxd5 12. Nc3 N7f6 13. Rfd1 Nxc3 14. Bxc3 Qd5 15. Bb4 Rfe8 16. Rac1 Rad8 17. Qc2 Qh5 18. h3 g5 19. Ne5 Nd5 20. Ba5 Rd6 21. Qf5 Bxe5 22. Qxe5 Rg6 23. Bd2 e6 24. f3 f6 25. Qh2 Rh6 26. Rc5 Qg6 27. Qg3 Qd3 28. Qe1 Qg6 29. Qg3 f5 30. Re1 Qg7 31. Qe5 Nf6 32. e4 f4 33. Bc3 Rg6 34. d5 Nd7 35. Qxg7+ Rxg7 36. Ra5 Rg6 37. dxc6 bxc6 38. Rxa6 Rc8 39. Rd1 Nf8 40. Ra7 h5 41. Kf2 c5 42. Rc1 Rd8 43. Ba5 Rd7 44. Ra8 Kf7 45. Rxc5 Nh7 46. Rc7 Rxc7 47. Bxc7 Nf6 48. Ra7 Ke8 49. Bd6 Nd7 50. e5 Nb6 51. Re7+ Kd8 52. Rh7 Nd5 53. Rxh5 Kd7 54. Rh8 Kc6 55. Rc8+ Kb7 56. Rc1 Rg8 57. a4 Ra8 58. Ke2 Ra6 59. Rc5 Rb6 60. Rb5 Nc3+ 61. Kd3 Nxb5 62. axb5 Rxb5 63. Ke4 Rxb3 64. Be7 Kc6 65. h4 Re3+ 66. Kd4 gxh4 67. Bxh4 Ra3 68. Bf6 Kb5 69. Bg5 Ra4+ 70. Kd3 Kc5 71. Bf6 Kd5 72. Ke2 Kd4 73. Kf2 Ra1 74. Bg7 Kd3 75. Bh6 Ra4 76. Bg7 Kd4 77. Bf6 Kd5 78. Ke2 Kc6 79. Kf2 Kd7 80. Kg1 Ke8 81. Kh2 Kf7 82. Kh3 Kg6 83. Kg4 Ra2 84. Kxf4 Rxg2 85. Ke4 Ra2 86. f4 Ra4+ 87. Kf3 Kf5 88. Bg5 Ra3+ 89. Kf2 Ke4 90. Kg2 Rf3 91. Bh6 Rb3 92. Bg5 Kf5 93. Kf2 Kg4 94. Ke2 Rh3 95. Kf2 Rf3+ 96. Ke2 Rxf4 97. Bxf4 Kxf4 98. Kd3 Kxe5 99. Ke3 Kd5 100. Kd3 e5 101. Ke3 e4 102. Ke2 Kd4 103. Kd2 e3+ 104. Ke1 Kd3 105. Kd1 Ke4 106. Ke2 Kf4 107. Ke1 Kf3 108. Kf1 e2+ 109. Ke1 Ke3 1/2-1/2

[Event "Wiesbaden op 27th"]
[Site "Wiesbaden"]
[Date "2015.08.28"]
[Round "2"]
[White "Pfeffer, Marko"]
[Black "Lang, Michael"]
[Result "1-0"]
[WhiteElo "2124"]
[BlackElo "1885"]
[PlyCount "47"]
[EventDate "2015.08.27"]
[EventType "swiss"]
[EventRounds "7"]
[EventCountry "GER"]
[SourceTitle "EXT 2016"]
[Source "ChessBase"]
[SourceDate "2015.10.08"]
[SourceVersion "1"]
[SourceVersionDate "2015.10.08"]
[SourceQuality "1"]

1. e4 Nf6 2. e5 Nd5 3. c4 Nb6 4. c5 Nd5 5. Bc4 e6 6. Nc3 Nxc3 7. bxc3 b6 8. cxb6 axb6 9. d4 Bb7 10. Qg4 Qe7 11. Nf3 Nc6 12. a4 Na5 13. Ba3 c5 14. Bb5 h5 15. Qf4 Rc8 16. 0-0 Rg8 17. dxc5 bxc5 18. Rfd1 Rc7 19. Ng5 Bd5 20. c4 Nxc4 21. Bxc4 Bxc4 22. Ne4 Qd8 23. Nd6+ Bxd6 24. exd6 1-0

[Event "Hessen-ch Gr-B"]
[Site "Idstein"]
[Date "2009.04.09"]
[Round "2"]
[White "Czech, Ludwig"]
[Black "Pfeffer, Marko"]
[Result "1-0"]
[WhiteElo "2070"]
[BlackElo "2190"]
[PlyCount "79"]
[EventDate "2009.04.08"]
[EventType "swiss"]
[EventRounds "7"]
[EventCountry "GER"]
[SourceTitle "EXT 2010"]
[Source "ChessBase"]
[SourceDate "2010.11.25"]
[SourceVersion "1"]
[SourceVersionDate "2010.11.25"]
[SourceQuality "1"]

1. c4 e5 2. g3 Nc6 3. Bg2 f5 4. Nc3 Nf6 5. e3 Bc5 6. a3 a5 7. Nge2 d6 8. 0-0 0-0 9. d4 Bb6 10. b3 Qe8 11. Nd5 Nxd5 12. cxd5 Ne7 13. dxe5 dxe5 14. d6 Ng6 15. dxc7 Bxc7 16. Qc2 Bd8 17. Bb2 Kh8 18. Rac1 Bf6 19. Rfd1 Rb8 20. Qc7 Be6 21. Qxa5 Bxb3 22. Rd3 Ba4 23. Nc3 Bc6 24. Nd5 Bd8 25. Qa7 Bg5 26. f4 Bh6 27. Rcd1 Rd8 28. Qc5 Rb8 29. Bc3 e4 30. R3d2 Qf7 31. Nb6 Rfe8 32. Bf1 Nf8 33. Bc4 Qe7 34. Qa5 Qc7 35. Qb4 Rbd8 36. Kf2 Rxd2+ 37. Rxd2 Rd8 38. Bd4 Nd7 39. Nxd7 Bxd7 40. Bb6 1-0

[Event "Hessen-ch Gr-B"]
[Site "Idstein"]
[Date "2009.04.08"]
[Round "1"]
[White "Pfeffer, Marko"]
[Black "Kolker, Vladislav"]
[Result "1/2-1/2"]
[WhiteElo "2190"]
[BlackElo "2100"]
[PlyCount "73"]
[EventDate "2009.04.08"]
[EventType "swiss"]
[EventRounds "7"]
[EventCountry "GER"]
[SourceTitle "EXT 2010"]
[Source "ChessBase"]
[SourceDate "2010.11.25"]
[SourceVersion "1"]
[SourceVersionDate "2010.11.25"]
[SourceQuality "1"]

1. d4 Nf6 2. Nf3 g6 3. Nc3 Bg7 4. Bf4 d6 5. Qd2 c6 6. Bh6 0-0 7. Bxg7 Kxg7 8. e4 b5 9. Bd3 b4 10. Ne2 a5 11. 0-0 Ba6 12. Ng3 Bxd3 13. Qxd3 Nbd7 14. Rad1 Qc7 15. h3 Rad8 16. Qe3 e5 17. c3 bxc3 18. bxc3 h6 19. Nh4 Ng8 20. f4 f6 21. Ngf5+ gxf5 22. Qg3+ Kh8 23. Ng6+ Kh7 24. exf5 Rfe8 25. fxe5 dxe5 26. dxe5 Nxe5 27. Nf4 Rxd1 28. Rxd1 Ne7 29. Ne6 Qa7+ 30. Kh1 Rg8 31. Qh4 Nd5 32. c4 Ne3 33. Qxf6 Nxd1 34. Qxe5 Ne3 35. f6 Qf7 36. Qxe3 Qxf6 37. Nf4 1/2-1/2